000 00523nam a2200169Ia 4500
008 230718s9999 xx 000 0 und d
020 _a9788177225327
041 _aeng
082 _a005.14
_bPRA
100 _aPrasad K.V.K.K.
_9112293
245 _aSoftware Testing Tools
_bCoverting WinRunner, SilkTest, LoadRunner, JMeter, TestDirector And QTP With Case Studies
260 _c2005
_bDreamtech
300 _a412
365 _cRs.
_b299.00
700 _aPrasad K.V.K.K.
_9112293
906 _d25516/23.01.2006
_cCOMP
_b59.8
999 _c312277
_d312277